000 00730nam a2200193 a 4500
001 000041404
005 20201002034847.0
008 130917s2005 sp 000 0 spa d
020 _a8400083253
040 _aDO-SdBNP
_bspa
_cBNPHU
245 1 0 _aEspaña y Polonia :
_blos encuentros /
_cCoordinado Elda González Martínez, Malgorzata Nalewajko.
260 _aMadrid :
_bConsejo Superior de Invesigaciones Científicas,
_c2005.
300 _a272 p. :
_bil. ;
_c21 cm.
490 1 _aMonografías ;
_v28
504 _aBibliografía : 178-181
504 _aIncluye referencias bibliográficas y notas al pie de las páginas
710 2 _aConsejo Superior de Invesigaciones Científicas
_967474
830 0 _aMonografías ;
_n28
_968059
999 _c40894
_d40894